1319 1267 1987 1317 1244 1746 1253 1869 1104 1432 1827 1599 1653 1220 1775 1176 1498 1797 1556 1791 1621 1451 1540 1387 1792 2000 1089 1488 1395 1859 1049 1264 1477 1031 1175 1833 1358 1670 1605 1544 1878 1013 1140 1709 1209 1706 1602 1806 1032 1110 1658 1003 1228 1916 1731 1228 1001 1575 1743 1678 1852 1210 1355 1532 1852 1595 1586 1527 1273 1647 1903 1612 1116 1046 1471 1810 1109 1776 1035 1853 1950 1398 1046 1350 1369 1323 1871 1175 1122 1846 1947 1917 1676 1521 2000 1600 1821 1485 1924 BCNSPRNW ULIB Ver.6.0+V

เปลี่ยนเป็นภาษาไทย

Change to English
 แสดงรายละเอียดบรรณานุกรม
  กลับหน้าหลัก

Brief Record : Get Marc (ISO 2709) : E-mail record : QR code < ปิดหน้าต่าง
LEADER : 00000nam 2200000uu 4500
001    13399124902
003     ULIB
008    160426s2558||||th 000 0 tha d
020    ^a9786162712586
060 04 ^aWT100^bก451
245 00 ^aการดูแลผู้สูงอายุ ผู้ที่อยู่ในภาวะพึ่งพิงและผู้ป่วยในระยะสุดท้ายในบริการปฐมภูมิ=^bCare for elderly, disabled, terminal-illness in primarycare /^cบรรณาธิการ วดี อัมรักเลิศ ... และคณะ
246 31 ^aCare for elderly, disabled, terminal-illness in primarycare
260    ^aสงขลา :^bภาควิชาเวชศาสตร์ชุมชน คณะแพทยศาสตร์มหาวิทยาลัยสงขลานครินทร์,^c2558
300    ^a216 หน้า :^bภาพประกอบ ;^c26 ซม.
500    ^aการพยาบาลผู้สูงอายุ
504    ^aมีบรรณานุกรมและดัชนี
505 0  ^aอุปกรณ์ช่วยเดินสำหรับผู้สูงอายุและผู้พิการ--2.การปรับสภาพบ้านและสิ่งแวดล้อมให้เหมาะสมกับผู้ป่วยและผู้พิการ--3.การบาดเจ็บและการสูญเสียอวัยวะจากการทำงาน--4.การใช้ยาอย่างเหมาะสมในผู้สูงอายุ--5.การประเมินสภาพจิตและเครื่องมือที่ใช้วินิจฉัย--6.การดูแลตนเองสู่สุขภาพดีวัยสูงอายุ--7.การหกล้มในผู้สูงอายุ--8.อาการที่พบบ่อยในการบริบาลผู้ป่วยระยะสุดท้าย--9.การดูแลผู้ป่วยแบบประคับประคองที่บ้าน--10.การระงับปวดจากมะเร็ง
650  0 ^aOlder people^xCare
650  0 ^aOlder people^xHealth and hygiene
650  4 ^aผู้สูงอายุ^xการดูแล
650  4 ^aผู้สูงอายุ^xสุขภาพและอนามัย
650  4 ^aการดูแลตนเอง
700 0  ^aวดี อัมรักเลิศ,^eบรรณาธิการ
710 2  ^aมหาวิทยาลัยสงขลานครินทร์.^bคณะแพทยศาสตร์.^bภาควิชาเวชศาสตร์ชุมชน
945    ^p350^l0^i23516
945    ^p350^l0^i23517
945    ^p350^l0^i23558
945    ^p350^l0^i23554
945    ^p350^l0^i23555
945    ^p350^l0^i23556
945    ^p350^l0^i23557
999    ^aทศพร เกษรทอง
รายการนี้ยังไม่มีแท็ก
คุณยังไม่ได้ล็อกอิน คุณสามารถมีกิจกรรมร่วมกับเว็บไซต์ได้ แต่ต้องล็อกอินก่อน ::
  ล็อกอิน

รายการสื่อสารสนเทศ

ลำดับที่ ประเภท เลขเรียก/บาร์โค้ด สถานที่ สถานะ
1. วิทยาศาสตร์การแพทย์ และสุขภาพ
วิทยาศาสตร์การแพทย์ และสุขภาพ
สถานะ=หนังสือเก่า
WT100 ก451 ฉ.1 
  Barcode: 23516
ห้องสมุดวิทยาเขตนครสวรรค์
►ส่วนจัดเก็บหนังสือเก่า นว.
บนชั้น
  ขอยืม
2. วิทยาศาสตร์การแพทย์ และสุขภาพ
วิทยาศาสตร์การแพทย์ และสุขภาพ
สถานะ=หนังสือเก่า
WT100 ก451 ฉ.2 
  Barcode: 23517
ห้องสมุดวิทยาเขตนครสวรรค์
►ส่วนจัดเก็บหนังสือเก่า นว.
บนชั้น
  ขอยืม
3. วิทยาศาสตร์การแพทย์ และสุขภาพ
วิทยาศาสตร์การแพทย์ และสุขภาพ
สถานะ=หนังสือเก่า
WT100 ก451 ฉ.3 
  Barcode: 23558
ห้องสมุดวิทยาเขตนครสวรรค์
►ส่วนจัดเก็บหนังสือเก่า นว.
บนชั้น
  ขอยืม
4. วิทยาศาสตร์การแพทย์ และสุขภาพ
วิทยาศาสตร์การแพทย์ และสุขภาพ
สถานะ=หนังสือเก่า
WT100 ก451 ฉ.4 
  Barcode: 23554
ห้องสมุดวิทยาเขตนครสวรรค์
►ส่วนจัดเก็บหนังสือเก่า นว.
บนชั้น
  ขอยืม
5. วิทยาศาสตร์การแพทย์ และสุขภาพ
วิทยาศาสตร์การแพทย์ และสุขภาพ
สถานะ=หนังสือเก่า
WT100 ก451 ฉ.5 
  Barcode: 23555
ห้องสมุดวิทยาเขตนครสวรรค์
►ส่วนจัดเก็บหนังสือเก่า นว.
บนชั้น
  ขอยืม
6. วิทยาศาสตร์การแพทย์ และสุขภาพ
วิทยาศาสตร์การแพทย์ และสุขภาพ
สถานะ=หนังสือเก่า
WT100 ก451 ฉ.6 
  Barcode: 23556
ห้องสมุดวิทยาเขตนครสวรรค์
►ส่วนจัดเก็บหนังสือเก่า นว.
บนชั้น
  ขอยืม
7. วิทยาศาสตร์การแพทย์ และสุขภาพ
วิทยาศาสตร์การแพทย์ และสุขภาพ
สถานะ=หนังสือเก่า
WT100 ก451 ฉ.7 
  Barcode: 23557
ห้องสมุดวิทยาเขตนครสวรรค์
►ส่วนจัดเก็บหนังสือเก่า นว.
บนชั้น
  ขอยืม

รายการใกล้เคียง
    หัวเรื่อง [Older people Care]
    หัวเรื่อง [ผู้สูงอายุ การดูแล]
    หัวเรื่อง [การดูแลตนเอง]

BibComment


ยังไม่เคยถูกคอมเมนท์

คอมเมนท์ทรัพยากรรายการนี้
  คอมเมนท์: การดูแลผู้สูงอาย..


 Copyright 2026. Bcnsprnw @Library